• 首页
  • 本馆介绍
  • 公告通知
  • 最新文献
  • 馆藏检索
  • 电子资源
  • 读者荐购
  • 参考咨询
  • CALIS
  • 我的图书馆
  • 登录
  • 详细信息显示
  • 放入我的书架
  • 预约/预借图书
  • 作者相关作品
  • 分类相关作品
  • 丛书相关作品
  • 出版社相关作品

书目信息

  • 表格格式
  • 工作单格式
  • 卡片格式
题名:
新垂钓百技
    
 
作者: 谭佛航 著
分册:  
出版信息: 北京   人民体育出版社  1999.11
页数: 233页
开本: 32开
丛书名:
单 册:
中图分类: G897
科图分类:
主题词: 文娱性体育活动
电子资源:
ISBN: 7-5009-1850-X
 
 
 
 
 
000 00532nam0 2200193 45
001 0010251007
005 20001025105909.2
010    @a7-5009-1850-X@d12.00元
100    @a20001025d1999 km y0chiy0120 ea
101 0  @achi
105    @a z 000yy
200 1  @a新垂钓百技@AXin Chui Diao Bai Ji@f谭佛航著@FTan Fo Hang Zhu
210    @a北京@c人民体育出版社@d1999.11
215    @a233页@d32开
606 0  @a文娱性体育活动
690    @aG897@v3
701  0 @a谭佛航@4著
801    @aCN@bPftUser@c20001025
905    @b188262-264@dG897@eT292@f3
    
    新垂钓百技/谭佛航著.-北京:人民体育出版社,1999.11
    233页;32开
    
    
    ISBN 7-5009-1850-X:12.00元
    
●
相关链接 在E读中查询图书 在当当中查询图书 在豆瓣中查询图书


正题名:新垂钓百技     索取号:G897/T292         预约/预借

序号 登录号 条形码 馆藏地/架位号 状态 备注
1 188262   201882622   社科二线422/409社科库 29排4列2层/ [索取号:G897/T292] 在馆    
2 188263   201882631   社科二线422/409社科库 29排4列2层/ [索取号:G897/T292] 在馆    
3 188264   201882640   社科库409/409社科库 29排4列2层/ [索取号:G897/T292] 在馆    
河南城建学院图书馆 欢迎您!
大连网信软件有限公司© 版权所有